00000000nam##2200000za#4500
0019.651836
003CaOODSP
00520210615115235
007ta
008150407|2010||||xxc|||||     f|0| 0 eng|d
020 |a978-1-100-14675-1
040 |aCaOODSP|beng
043 |an-cn---
0861 |aHS64-10/2010E
1101 |aCanada. |bHuman Resources and Skills Development Canada.
24510|aSupport for low-income Canadians
2461 |iAt head of title : |aCanada's Economic Action Plan
260 |aGatineau - Quebec : |bHuman Resources and Skills Development Canada |c[2010].
300 |a1 sheet [2]p. ; |c28 cm.
563 |aPamphlet
590 |a10-17|b2010-04-30
69007|aLow income|2gcpds
69007|aEconomic policy|2gcpds
77508|tSoutien aux canadiens à faible revenu |w(CaOODSP)9.684840
7760#|tSupport for low-income Canadians |w(CaOODSP)9.693000